[Event "Florianopolis op 5th"]
[Site "Florianopolis"]
[Date "2019.01.24"]
[Round "6"]
[White "Schroeder, Matheus"]
[Black "Vicenzi, Liziane Nathalia"]
[Result "0-1"]
[WhiteElo "1003"]
[BlackElo "1488"]
[PlyCount "67"]
[EventDate "2019.01.21"]
[EventType "swiss"]
[EventRounds "10"]
[EventCountry "BRA"]
[SourceTitle "CBM 188 Extra"]
[Source "ChessBase"]
[SourceDate "2019.02.28"]
[SourceVersion "1"]
[SourceVersionDate "2019.02.28"]
[SourceQuality "1"]

1. e4 c5 2. Nf3 d6 3. d4 cxd4 4. Nxd4 Nf6 5. Nc3 a6 6. g3 e5 7. Nf3 Be7 8. Be3 Be6 9. Bg2 Nbd7 10. Ng5 Bg4 11. Nf3 Rc8 12. Qd2 Nc5 13. Bxc5 Rxc5 14. h3 Bh5 15. g4 Bg6 16. Nh4 Qc8 17. Nf5 Bxf5 18. gxf5 0-0 19. 0-0-0 b5 20. b4 Rxc3 21. Rhg1 Nh5 22. Qe2 Nf4 23. Qg4 Rxc2+ 24. Kb1 Qc4 25. Qxg7+ Kxg7 26. Bf1+ Kh8 27. Bxc4 Rxc4 28. a3 Rg8 29. Rxg8+ Kxg8 30. f6 Bxf6 31. Rxd6 Kg7 32. Rxa6 Ne6 33. Kb2 Rxe4 34. a4 0-1